Legal and Philosophical Study of Abortion (Record no. 232082)
[ view plain ]
| 000 -LEADER | |
|---|---|
| fixed length control field | 00652nam a22002177a 4500 |
| 005 - DATE AND TIME OF LATEST TRANSACTION | |
| control field | 20241205100954.0 |
| 008 - FIXED-LENGTH DATA ELEMENTS--GENERAL INFORMATION | |
| fixed length control field | 241205b ||||| |||| 00| 0 eng d |
| 020 ## - INTERNATIONAL STANDARD BOOK NUMBER | |
| International Standard Book Number | 9789389046175 |
| 040 ## - CATALOGING SOURCE | |
| Transcribing agency | AL |
| 041 ## - LANGUAGE CODE | |
| Language code of text/sound track or separate title | eng |
| 082 ## - DEWEY DECIMAL CLASSIFICATION NUMBER | |
| Edition number | 23 |
| Classification number | 342.084 |
| Item number | GUPL |
| 100 ## - MAIN ENTRY--PERSONAL NAME | |
| Personal name | Setu Gupta |
| 100 ## - MAIN ENTRY--PERSONAL NAME | |
| 9 (RLIN) | 187777 |
| 245 ## - TITLE STATEMENT | |
| Title | Legal and Philosophical Study of Abortion |
| 260 ## - PUBLICATION, DISTRIBUTION, ETC. | |
| Place of publication, distribution, etc. | Gurgaon |
| Name of publisher, distributor, etc. | Thomson Reuters |
| Date of publication, distribution, etc. | 2019 |
| 300 ## - PHYSICAL DESCRIPTION | |
| Extent | xxiv,107p. |
| Other physical details | PB |
| Dimensions | 24x16cm. |
| 365 ## - TRADE PRICE | |
| Source of price type code | Law |
| Price type code | 1060 |
| Price amount | 255.50 |
| Currency code | ₹ |
| Unit of pricing | 350.00 |
| Price note | 27% |
| Price effective from | 28-11-2024 |
| 650 ## - SUBJECT ADDED ENTRY--TOPICAL TERM | |
| Topical term or geographic name entry element | Medical Termination of Pregnancy in India |
| 9 (RLIN) | 187778 |
| 650 ## - SUBJECT ADDED ENTRY--TOPICAL TERM | |
| Topical term or geographic name entry element | Abortion Laws |
| 9 (RLIN) | 187779 |
| 700 ## - ADDED ENTRY--PERSONAL NAME | |
| Personal name | GUPTA (Setu) |
| 9 (RLIN) | 187780 |
| 942 ## - ADDED ENTRY ELEMENTS (KOHA) | |
| Source of classification or shelving scheme | Dewey Decimal Classification |
| Koha item type | Book |
| Withdrawn status | Lost status | Source of classification or shelving scheme | Damaged status | Not for loan | Collection code | Home library | Current library | Date acquired | Source of acquisition | Cost, normal purchase price | Total Checkouts | Full call number | Barcode | Date last seen | Cost, replacement price | Price effective from | Koha item type |
|---|---|---|---|---|---|---|---|---|---|---|---|---|---|---|---|---|---|
| Dewey Decimal Classification | Law | St Aloysius Law Library | St Aloysius Law Library | 12/03/2024 | MPP House Law Books Publishers Bengaluru-560009 | 255.00 | 342.084 GUPL | LL000243 | 12/05/2024 | 350.00 | 12/05/2024 | Book | |||||
| Dewey Decimal Classification | Law | St Aloysius Law Library | St Aloysius Law Library | 12/03/2024 | MPP House Law Books Publishers Bengaluru-560009 | 255.50 | 342.084 GUPL | LL000244 | 12/05/2024 | 350.00 | 12/05/2024 | Book | |||||
| Dewey Decimal Classification | Law | St Aloysius Law Library | St Aloysius Law Library | 12/03/2024 | MPP House Law Books Publishers Bengaluru-560009 | 255.50 | 342.084 GUPL | LL000245 | 12/05/2024 | 350.00 | 12/05/2024 | Book | |||||
| Dewey Decimal Classification | Law | St Aloysius Law Library | St Aloysius Law Library | 12/03/2024 | MPP House Law Books Publishers Bengaluru-560009 | 255.50 | 342.084 GUPL | LL000246 | 12/05/2024 | 350.00 | 12/05/2024 | Book | |||||
| Dewey Decimal Classification | Law | St Aloysius Law Library | St Aloysius Law Library | 12/03/2024 | MPP House Law Books Publishers Bengaluru-560009 | 255.50 | 342.084 GUPL | LL000247 | 12/05/2024 | 350.00 | 12/05/2024 | Book |